000 00774nam a2200217Ii 4500
003 JO-AjNU
008 230605s9999||||xx |||||||||||||| ||und||
040 _aJO-AjNU
_bara
_erda
_cJO-AjNU
041 _aara
050 1 4 _aTT320.D37 1994
100 3 _aدرويش، عماد,
_eauthor
_951297
245 0 0 _aاعمال الدهان وااكساء الجدران والارضيات، ج3
250 _aط1
264 3 1 _aدمشق :دار دمشق للطباعة 1994
300 _aج3، 232ص
336 _atext
_btxt
_2rdacontent
337 _aunmediated
_bn
_2rdamedia
338 _avolume
_bnc
_2rdacarrier
490 0 _aموسوعة المهن اليدوية الفنية والهندسية
650 4 _aاعمال الدهان-الجدران-الارضيات
_951298
999 _aA22649
_c26217
_d26217